000 00548nam a2200193Ia 4500
005 20250317124116.0
008 008 250317s9999 xx 000 0 eng d
037 _aTextbook
040 _aFMSL
_beng
_cFMSL
041 _aeng
_2eng
084 _aX:89Q P1
_qFMSL
100 _aGaither N
_9735316
245 0 _aOperations Management
250 _aEd 9
260 _aUnited Kingdom
_bUnited Kingdom, Thomson South-Western
_c2001
300 _axiv,811
942 _cTB
_hX:89Q P1
999 _c1254116
_d1254116